Preprints of the 20th World Congress of the International Federationa of Automatic Control 20th IFAC World congress, Toulouse, France, July 9-14, 2017,

Gespeichert in:
Bibliographische Detailangaben
Körperschaft: World congress on the International Federation of Automatic Control Toulouse, France
Format: Tagungsbericht Buch
Veröffentlicht: 2017
Tags: Tag hinzufügen
Keine Tags, Fügen Sie das erste Tag hinzu!

MARC

LEADER 00000nam a22000003a 4500
001 0025898
003 SK-STU
005 20170908082805.8
007 ta
008 170908s ----xo-----e------100-0-----d
040 |a STU  |b slo 
111 2 |a World congress on the International Federation of Automatic Control  |n 20.  |d July 9-14, 2017  |c Toulouse, France 
245 1 0 |a Preprints of the 20th World Congress of the International Federationa of Automatic Control  |h [elektronický zdroj]  |b 20th IFAC World congress, Toulouse, France, July 9-14, 2017,  
260 |c 2017 
300 |a 1 DVD-ROM 
996 |b 284M087311  |c M* CD-2681  |l MMKN  |s A  |a 24  |w 0025898_0001